000 01238nam a22002297a 4500
999 _c17978
_d17978
005 20251125232902.0
008 s2530 th tha d
040 _aNALT
041 _atha
100 0 _aไพฑูรย์ วิกิณิยะธนี
245 1 0 _aคู่มือกฎหมายวิธีพิจารณาความอาญา พร้อมด้วยเชิงอรรถ-ประยุกต์ ภาค 1 ข้อความเบื้องต้น ภาค 2 สอบสวน
260 3 _aกรุงเทพฯ :
_bโรงพิมพ์บางกอกสาส์น,
_c2530
300 _a336 หน้า ;
_b 26 ซม.
650 0 4 _aกฎหมายวิธีพิจารณาความอาญา
650 0 4 _aกฎหมายวิธีพิจารณาความอาญา -- คำพิพากษาฎีกา
650 0 4 _aวิธีพิจารณาความอาญา -- คู่มือ
850 _aNALT
856 4 0 _uhttps://hdl.handle.net/20.500.14156/301525
_71
942 _cLB
_2lcc
998 _j25
_k นีลวัสน์ อินทรักษา
090 _aKT41 พ976ค 2530